00550 2200169 4500001002100000005001500021035002000036245003800056100001600094250001100110300003800121260011800159082001600277084002200293020002200315650004300337INLIS00000000000179320241106092030 a0010-11240000511 aBuku Berharga Lodi /cIwok Abqari0 aIwok Abqari aCet. 1 a28 hlm. :bilus. ;c29,7 x 21 cm aJakarta :bBadan Pengembangan dan Pembinaan Bahasa, Kementrian Pendidikan, Kebudayaan, Riset dan Teknologi,c2023 a398.209 598 a398.209 598 IWO b a978-623-118-975-6 4aCerita Anak Indonesia. Kesustraan Anak